00578nam a2200169 a 450000100100000000500170001000800410002702000150006804000250008308200150010810000350012324500510015826000420020930000270025195201130027899900170039100004442720201002045351.0140630s2005 dr a 000 0 spa d z8493054712 aDO-SdBNPbspacBNPHU axxxxbxxxx1 aCollins de Colado, Mary95194710aPinta ilustra No. 1 /cMary Collins de Colado. aSanto Domingo :bNuevo Diario,c2005. a63 p. :bil. ;c27 cm. 0010718PDaPDbPDcHDd2014-06-30iLF1l0oxxxx xxxxp44427-10r2020-06-25w2020-06-25yLFPDZNo se presta c43916d43916